[Event "Karditsa"]
[Site "Karditsa"]
[Date "1994.??.??"]
[Round "11"]
[White "Andrianov, Nikolai Ivanovich"]
[Black "Kotronias, Vasilios"]
[Result "0-1"]
[WhiteElo "2435"]
[BlackElo "2545"]
[Annotator "Hecht,H"]
[PlyCount "100"]
[EventDate "1994.03.??"]
[EventType "tourn"]
[EventRounds "11"]
[EventCountry "GRE"]
[EventCategory "10"]
[SourceTitle "CBM 043"]
[Source "ChessBase"]
[SourceDate "1994.12.01"]
[SourceVersion "1"]
[SourceVersionDate "1994.12.01"]
[SourceQuality "1"]

1. Nf3 Nf6 2. c4 g6 3. g3 Bg7 4. Bg2 O-O 5. O-O d6 6. Nc3 e5 7. d3 h6 8. Rb1 a5
9. a3 Re8 10. e4 c6 11. h3 Na6 12. Bd2 Bd7 13. Ne1 Nc7 14. Nc2 b5 15. cxb5 Nxb5
16. Nxb5 cxb5 17. Ne3 h5 18. h4 Qb6 19. Rc1 a4 20. Qe2 Be6 21. Nd5 Nxd5 22.
exd5 Bg4 23. Bf3 Qd4 24. Bxg4 hxg4 25. Bc3 Qxd5 26. Qxg4 Rac8 27. h5 gxh5 28.
Qxh5 Re6 29. Qg4 Qb7 30. Rce1 Rh6 31. Qe4 d5 32. Qg2 Re8 33. f4 e4 34. dxe4
dxe4 35. f5 Bxc3 36. bxc3 Qd5 37. Rf4 Qc5+ 38. Qf2 Qxc3 39. Rfxe4 Rxe4 40. Rxe4
Qxa3 41. Kg2 Qc1 42. Kf3 Qd1+ 43. Kf4 Rh1 44. Ke5 Qa1+ 45. Kd5 Rd1+ 46. Kc6
Qf6+ 47. Kxb5 Rb1+ 48. Rb4 Qe5+ 49. Kxa4 (49. Qc5 Rxb4+ 50. Kxb4 Qxc5+ 51. Kxc5
a3 $19) 49... Qe8+ 50. Ka3 Qa8+ 0-1

[Event "FIDE-Wch k.o."]
[Site "Groningen"]
[Date "1997.12.13"]
[Round "2.7"]
[White "Andersson, Ulf"]
[Black "Milov, Vadim"]
[Result "0-1"]
[WhiteElo "2640"]
[BlackElo "2635"]
[Annotator "Hecht,H"]
[PlyCount "116"]
[EventDate "1997.12.09"]
[EventType "k.o."]
[EventRounds "7"]
[EventCountry "NED"]
[SourceTitle "CBM 063"]
[Source "ChessBase"]
[SourceDate "1998.03.26"]
[SourceVersion "1"]
[SourceVersionDate "1998.03.26"]
[SourceQuality "1"]

1. Nf3 Nf6 2. c4 g6 3. g3 Bg7 4. Bg2 O-O 5. O-O d6 6. Nc3 Nc6 7. d3 Nh5 8. d4
e5 9. d5 Ne7 10. e4 c5 11. a3 b6 12. Bd2 f5 13. exf5 Bxf5 14. Ng5 Nf6 15. Ne6
Bxe6 16. dxe6 Rc8 17. Bg5 Nf5 18. Bh3 Qe7 19. Bxf6 Bxf6 20. Qd5 Rce8 21. Ne4
Qxe6 22. Bxf5 gxf5 23. Nxd6 Qxd5 24. cxd5 Rd8 25. Nxf5 Rxd5 26. Ne3 Rd4 27.
Rac1 Kf7 28. Rc2 Rfd8 29. Re1 Rd2 30. Re2 Rxc2 31. Rxc2 {[#] Bewegliche
schwarze Bauernmehrheit am Damenflügel; starker Läufer und Raumvorteil nach
Durchsetzen von e4. Frage nach der weißen Verteidigungsstrategie:
Vorwärtsverteidigung oder Verharren in der passiven Position.} Ke6 32. Kf1 {
[%csl Yb3,Yd3,Yd4,Ye4]} (32. b4 $5 {Idee: Flucht nach vorn mit schaffen von
Linien und Angriffszielen für den weißen Turm statt passiver Verteidigung})
32... Rd3 33. Ke2 e4 34. Nc4 (34. f3 Bd4) (34. Nd1 Rb3 {[%cal Yf6d4,Ya7a4,
Yb6b4]}) 34... Rb3 {[%csl Rb2][%cal Rb6b5]} 35. a4 Rb4 36. a5 b5 37. Nd2 Kd5
38. b3 a6 39. h4 h5 40. Rc1 Rd4 41. f3 $6 (41. Rc2 $5) 41... exf3+ 42. Nxf3
Re4+ 43. Kf2 Kc6 44. Rc2 Bd8 45. Re2 (45. Ra2 Bc7 {[%csl Ra5,Rb3,Rg3]}) 45...
Rxe2+ 46. Kxe2 Bxa5 47. g4 hxg4 48. Ne5+ Kd5 49. Nxg4 Kd4 50. h5 Kc3 51. Nf6
Kxb3 52. Ne4 Kc4 53. h6 Bc7 54. h7 Be5 55. Nd6+ Kb3 56. Nb7 c4 57. Nc5+ Ka3 58.
Nxa6 b4 0-1

[Event "Aarhus GM"]
[Site "Aarhus"]
[Date "2003.07.27"]
[Round "1"]
[White "Rasmussen, Karsten"]
[Black "Fries Nielsen, Jens Ove"]
[Result "1/2-1/2"]
[WhiteElo "2437"]
[BlackElo "2453"]
[Annotator "Postny,E"]
[PlyCount "84"]
[EventDate "2003.07.27"]
[EventType "tourn"]
[EventRounds "9"]
[EventCountry "DEN"]
[EventCategory "9"]
[SourceTitle "CBM 097"]
[Source "ChessBase"]
[SourceDate "2003.11.11"]
[SourceVersion "1"]
[SourceVersionDate "2003.11.11"]
[SourceQuality "1"]

1. Nf3 Nf6 2. c4 d6 3. Nc3 g6 4. g3 Bg7 5. Bg2 O-O 6. O-O c6 7. e4 (7. d4 {
leads to King's Indian, E62-E69.}) 7... Bg4 (7... e5 8. h3 Nbd7 9. d3 a6 10.
Rb1 Re8 11. b4 d5 12. cxd5 cxd5 13. exd5 Nb6 $11 {1/2-1/2 Aronian,L-Oratovsky,
M/Bad Wiessee 2002/EXT 2003 (26)}) (7... Qa5) 8. h3 {White chooses solid setup,
but this way he can not fight for the opening advantage.} ({Again} 8. d4 {
leads to King's Indian - E62.}) 8... Bxf3 9. Qxf3 (9. Bxf3 Qc8 10. Bg2 c5 11.
d3 Nc6 12. f4 a6 13. Be3 Rb8 14. a4 Nd7 $13 {0-1 Chernin,A-Henley,R/
Philadelphia 1989/EXT 2000 (52)}) 9... e5 10. d3 Nbd7 (10... Nfd7 11. Qe2 Nc5
12. Be3 Nbd7 13. f4 exf4 14. gxf4 Ne6 $11 {1/2-1/2 Hermaneck,H-Zietlow,T/
Dortmund 1993/TD (24)}) 11. Qd1 (11. Rb1 Nc5 12. b4 Ne6 13. Ne2 Nd7 14. h4 Re8
15. Bh3 Ndf8 16. Be3 Qc7 17. Rfd1 $14 {1-0 Lee,M-Litchfield,G/London,Canada
1996/EXT 2001 (37)}) 11... Nc5 12. b4 (12. f4 Nh5 13. Kh2 exf4 14. g4 f3 15.
Rxf3 Be5+ 16. Kh1 Ng3+ 17. Kg1 Qb6 18. d4 Ncxe4 19. c5 Bxd4+ 20. Qxd4 dxc5 21.
Qc4 $16 {1-0 Furman,S-Nezhmetdinov,R/Rostov on Don 1969/EXT 2001 (35)}) 12...
Ne6 13. Rb1 h5 $146 {[%cal Gh5h4]} (13... Nd7 14. b5 $6 Qa5 15. Bd2 Ndc5 16.
Be1 Qa3 $15 {0-1 Felegyhazi,L-Gross,D/Gyula 1993/EXT 97 (41)}) 14. h4 a5 15. a3
axb4 16. axb4 Ng4 (16... Nd4 17. Ne2 Nxe2+ 18. Qxe2 $14 d5 $2 19. exd5 {
[%csl Re5]}) 17. f3 Nf6 18. Be3 Nd7 {Probably not the best square for the
knight.} (18... d5 $6 19. cxd5 cxd5 20. exd5 Nxd5 21. Nxd5 Qxd5 22. f4 Qd7 23.
f5 $36) ({Possible is} 18... Ne8 {followed by Ne8-c7 and d6-d5 somewhere.}) 19.
Bh3 $1 {The best place for the bishop.} Qe7 20. Qb3 Kh7 21. c5 $6 {Too hastily.
} ({Can be recommended} 21. Ne2 {covering the d4 square.}) 21... dxc5 $6 ({
Missing a chance to get strong counterplay after} 21... Nd4 $1 22. Bxd4 exd4
23. Na4 (23. cxd6 $142 Qxd6 24. Ne2) 23... dxc5 24. bxc5 (24. Bxd7 $2 Qxd7 25.
Nb6 Qc7 26. Nxa8 Qxg3+ 27. Kh1 Qh3+ 28. Kg1 Bh6 {and white is collapsing.})
24... Nxc5 25. Nxc5 Qxc5 26. Qxb7 Rab8 27. Qa6 Qc2 $17) 22. Bxe6 {Just in time
white is eliminating opponent's strong knight and getting preferable chances.}
fxe6 23. bxc5 Rab8 (23... Nxc5 24. Qb4 b6 25. Qc4 $14) 24. Na4 Bh6 $1 {
Exchanging bad bishop.} 25. Bxh6 (25. d4 $6 exd4 26. Bxd4 g5 $36) 25... Kxh6
26. Qc2 Kh7 27. Rb2 $6 {Inaccuracy.} (27. Kg2 $142 $14) 27... Rf7 28. Kg2 g5
29. hxg5 Qxg5 30. Qc1 Qg6 {Black rightly avoids the exchange of queens, since
every endgame is unfavourable for him because of numerous pawn weaknesses.} 31.
Rh1 Kg8 32. Rh3 Rbf8 33. Rf2 (33. Rxb7 $2 Rxf3 34. Rxd7 Rf2+ 35. Kg1 Qf6 $19)
33... Nf6 34. Nb6 {[%cal Gb6c4,Gc4d6,Gc4e5]} Ng4 35. Rf1 {[%tqu "En","Find the
best move for black.","","","f7f3","This combination leads to a perpetual
check.",10]} Rxf3 $1 {This combination leads to a perpetual check.} 36. Rxf3
Rxf3 37. Kxf3 Qf6+ 38. Kg2 (38. Ke2 $4 Qf2+ 39. Kd1 Ne3+ $19) 38... Qf2+ 39.
Kh1 Qf3+ (39... Ne3 40. Rh2 $8 Qf3+ 41. Kg1 Qxg3+ 42. Kh1 Qf3+ {is draw as
well.}) 40. Kg1 Qf2+ 41. Kh1 Qf3+ 42. Kg1 Qf2+ 1/2-1/2

[Event "Bayamo"]
[Site "Bayamo"]
[Date "1990.??.??"]
[Round "1"]
[White "Paneque, Pedro"]
[Black "Zapata, Alonso"]
[Result "1-0"]
[WhiteElo "2380"]
[BlackElo "2480"]
[Annotator "Ribli,Z"]
[PlyCount "81"]
[EventDate "1990.04.??"]
[EventType "tourn"]
[EventRounds "13"]
[EventCountry "CUB"]
[EventCategory "8"]
[SourceTitle "CBM 018"]
[Source "ChessBase"]
[SourceDate "1990.10.01"]
[SourceVersion "1"]
[SourceVersionDate "1990.10.01"]
[SourceQuality "1"]

1. c4 e5 2. g3 g6 3. Bg2 {3.d4!} Bg7 4. Nc3 d6 5. d3 Nf6 6. e4 O-O 7. Nge2 c6
8. O-O Na6 9. h3 Nc7 10. f4 b5 11. cxb5 cxb5 12. a3 Bb7 13. Be3 Qe7 14. Rc1
Rab8 $2 {14...a6} 15. Qe1 $2 {>= 15.Bxa7} Nd7 $2 {15...a6} 16. b4 $2 {>= 16.
Bxa7} a6 17. Qf2 Rbc8 18. h4 exf4 19. gxf4 {19.Nxf4, Ne5! >< d3,g4} Rfe8 20.
Rc2 f5 21. Bf3 Nf6 22. Ng3 Ng4 23. Bxg4 fxg4 24. f5 $1 Rf8 {24...Qxh4 25.fxg6,
Rf8 26,Nf5! +/-} 25. Bg5 $1 Bf6 26. Bxf6 Qxf6 {26...Rxf6 27.Qb6!} 27. fxg6
Qxf2+ 28. Rcxf2 hxg6 29. Rxf8+ Rxf8 30. Rxf8+ Kxf8 31. Kf2 {+/-} Kf7 32. Ke3
Bc8 33. Nd1 Kf6 34. Nf2 g5 35. h5 Ne8 36. d4 Ng7 37. e5+ $1 dxe5 38. Nfe4+ Ke7
39. dxe5 Nf5+ 40. Nxf5+ Bxf5 41. Nxg5 1-0

[Event "Rishon Le Ziyyon YM"]
[Site "Rishon Le Ziyyon"]
[Date "1995.??.??"]
[Round "3"]
[White "Alterman, Boris"]
[Black "Har Zvi, Ronen"]
[Result "1-0"]
[WhiteElo "2575"]
[BlackElo "2500"]
[Annotator "Ribli,Z"]
[PlyCount "59"]
[EventDate "1995.02.??"]
[EventType "tourn"]
[EventRounds "11"]
[EventCountry "ISR"]
[EventCategory "11"]
[SourceTitle "CBM 046"]
[Source "ChessBase"]
[SourceDate "1995.06.01"]
[SourceVersion "1"]
[SourceVersionDate "1995.06.01"]
[SourceQuality "1"]

1. c4 Nf6 2. Nc3 g6 3. g3 Bg7 4. Bg2 O-O 5. Nf3 d6 6. O-O e5 7. d3 $5 {Har Zvi
kennt die normale Hauptvariante sehr gut, deswegen waehlt Alterman eine
seltene Nebenvariante. Man spielt hier haeufig 7.d4} (7. b4 $5 {Der junge
Bayern Michael Bezold spielte mehrmals erfolgreich diesen Zug.}) 7... Nbd7 {
Ich empfehle 7...Nc6 -> A26.} (7... c6 8. Rb1 Re8 9. e4 d5 $6 {Kramnik,
V-Polgar,J/Madrid/1993/CBM36/INF58,29/ Jetzt sagt Kramnik 10.ed5! (statt 10.
cd5) 10...cd5 11.Bg5 mit klarem Vorteil fuer Weiss.} 10. exd5 $1 cxd5 11. Bg5
$16 {Kramnik}) 8. Rb1 a5 9. a3 Nh5 10. b4 axb4 11. axb4 f5 12. Bg5 Ndf6 (12...
Qe8 $2 13. Nd5 $18) 13. Qd2 f4 14. Ra1 $5 {Dieser Zug ist fuer derartige
Stellungen typisch. Weiss will die a-Linie besetzen.} Rb8 (14... Be6 $5) 15.
Ra7 Bg4 16. Qa2 Kh8 17. Nd2 c6 18. Qa5 $1 {Natuerlich waere der Damentausch
fuer den Anziehenden sehr guenstig.} Qc8 (18... Qxa5 $2 19. bxa5 $16 {Schwarz
hat kein Gegenspiel am Koeningsfluegel. Weiss hat klaren Vorteil am
Damenfluegel.}) 19. b5 $1 fxg3 20. hxg3 Bh3 21. bxc6 Bxg2 22. Kxg2 Qg4 {
Schwarz versucht, im trueben zu fischen. Das Endspiel nach 22...bc6 23.Qc7 Qc7
24.Rc7 ist allerdings klar besser fuer Weiss.} (22... bxc6 23. Qc7 Qxc7 24.
Rxc7 Rfc8 25. Rxc8+ Rxc8 26. Rb1 $16) (22... Qxc6+ 23. Nde4 $16) 23. Nde4 $1
Nxe4 24. Nxe4 Qxe2 (24... bxc6 25. f3 $1 $18 {Schwarz ist hilflos.}) (24...
Nf4+ 25. Bxf4 exf4 26. f3 $18 {Weiss gewinnt.}) 25. Rxb7 Rbc8 (25... Qxd3 26.
Rxb8 Qxe4+ 27. f3 Qe2+ 28. Rf2 $18) (25... Rxb7 26. cxb7 Qxd3 27. Qd5 Qf3+ 28.
Kg1 Nf4 29. Bxf4 exf4 30. Ng5 Qxd5 31. cxd5 Rb8 32. Rc1 $18) 26. Qd5 $1 {
Der Riesenspringer auf e4 stoert Schwarz sehr.} Qf3+ 27. Kh2 Qe2 28. Kg1 Nf4
29. Bxf4 $1 exf4 30. Nxd6 {Ribli} 1-0

[Event "Groningen op"]
[Site "Groningen"]
[Date "1990.??.??"]
[Round "5"]
[White "Beim, Valery"]
[Black "Peelen, Piet"]
[Result "1-0"]
[WhiteElo "2480"]
[BlackElo "2380"]
[Annotator "Ribli,Z"]
[PlyCount "113"]
[EventDate "1990.??.??"]
[EventType "swiss"]
[EventRounds "9"]
[EventCountry "NED"]
[SourceTitle "CBM 022"]
[Source "ChessBase"]
[SourceDate "1991.06.01"]
[SourceVersion "1"]
[SourceVersionDate "1991.06.01"]
[SourceQuality "1"]

1. g3 g6 2. Bg2 Bg7 3. d3 e5 4. Nf3 d6 5. O-O Nf6 6. c4 O-O 7. Nc3 Re8 (7... c6
8. c5 Na6 9. cxd6 Qxd6 {Seret,JL-Lautier,J Lyon zt 1990 CBM/18}) 8. Ne1 c6 9.
Bg5 h6 10. Bxf6 Qxf6 11. b4 Qe7 12. Rb1 a6 13. a4 Qc7 14. Nc2 Be6 15. b5 Rd8 (
15... axb5 16. axb5 Rd8) 16. bxc6 bxc6 17. Qc1 Ra7 18. Qb2 e4 $6 19. Bxe4 d5
20. Bg2 dxc4 21. d4 c5 22. d5 $1 Bxc3 23. Qxc3 Bxd5 24. Bxd5 Rxd5 25. Ne3 Rd4
26. Nxc4 $14 Rb7 27. e3 Rxb1 28. Rxb1 Rd8 29. Qe5 Qxe5 30. Nxe5 Rc8 31. Kf1 Nc6
32. Nd7 Na5 33. Rb8 Rxb8 34. Nxb8 c4 35. Ke2 Nb3 36. Nxa6 Kf8 37. Kd1 Ke7 38.
Kc2 Kd6 39. Kc3 Kd5 40. f3 Na5 41. Nc7+ Kc5 42. Ne8 f5 43. Nc7 g5 44. Ne6+ Kd5
45. Nd4 g4 46. fxg4 fxg4 47. Nf5 h5 48. Ng7 Ke4 49. Nxh5 Kxe3 50. Nf6 Kf3 51.
Kd4 Ke2 52. Nxg4 Kd2 53. Nf6 Kc2 54. Ne4 Kb3 55. Nd2+ Kb4 56. Nxc4 Nxc4 57. h4
1-0

[Event "Women-Veterans"]
[Site "Aruba"]
[Date "1992.??.??"]
[Round "9"]
[White "Chiburdanidze, Maia"]
[Black "Uhlmann, Wolfgang"]
[Result "0-1"]
[WhiteElo "2505"]
[BlackElo "2480"]
[Annotator "Ribli,Z"]
[PlyCount "70"]
[EventDate "1992.08.??"]
[EventType "schev"]
[EventRounds "6"]
[EventCountry "NAU"]
[SourceTitle "CBM 033"]
[Source "ChessBase"]
[SourceDate "1993.04.01"]
[SourceVersion "1"]
[SourceVersionDate "1993.04.01"]
[SourceQuality "1"]

1. c4 Nf6 2. g3 g6 3. Bg2 Bg7 4. Nc3 e5 5. d3 O-O 6. Nf3 Re8 $5 (6... d6 7. O-O
c6 8. c5 Na6 9. cxd6 Qxd6 10. Qa4 Re8 11. Rd1 Qe7 12. Qh4 Nd5 $10 {Seret,
JL-Lautier,J Lyon zt 1990 CBM/18}) 7. O-O c6 $5 {/\ d5} (7... d6 8. Ne1 c6 9.
Bg5 h6 10. Bxf6 Qxf6 11. b4 Qe7 12. Rb1 a6 13. a4 $13 {Beim,V-Peelen,P
Groningen op CBM/22}) 8. Nd2 $6 (8. Bg5 $5) 8... Na6 9. Rb1 d5 10. b4 dxc4 11.
Nxc4 (11. dxc4 Bf5 12. e4 Bg4 $10) 11... Nd5 $1 12. Nxd5 (12. Ne4 $5 Naxb4 $6 (
12... Bf8 $5 $13) 13. Ncd6 Re7 $6 (13... Rf8 14. a3 Na6 15. Nxb7 $14 Qc7) 14.
Bg5 $1 f6 15. Nxc8 Rxc8 16. Nxf6+ Bxf6 17. Bxf6 Nxf6 18. Rxb4 $14) 12... cxd5
13. Ne3 Be6 14. Qa4 Nc7 15. b5 Qd7 16. Qb3 d4 $1 17. Nc4 Nd5 18. Bd2 Nb6 $1 19.
a4 (19. Nxb6 axb6 $17) 19... Nxc4 20. dxc4 Rac8 {>< c4} 21. Rfc1 Bf8 $15 22. a5
Bf5 23. Rb2 e4 $36 24. b6 axb6 25. axb6 (25. Qxb6 Ba3 $19) 25... Bc5 $17 26.
Bf4 Rc6 $1 27. Bc7 Ree6 28. Qa4 Kg7 29. Qa5 Qe7 30. Qb5 h5 $1 31. Ra1 h4 32.
gxh4 Bg4 33. Rd2 d3 34. Bf1 (34. exd3 e3 $19) (34. e3 Qxh4 $19) 34... Bxf2+ 35.
Kh1 (35. Kxf2 e3+ $19) 35... Qf6 0-1

[Event "RUS-ch KO"]
[Site "Moscow"]
[Date "1999.12.16"]
[Round "1.2"]
[White "Ibragimov, Ildar"]
[Black "Sapunov, Evgeny"]
[Result "1-0"]
[WhiteElo "2554"]
[BlackElo "2498"]
[Annotator "Ribli,Z"]
[PlyCount "45"]
[EventDate "1999.12.04"]
[EventType "k.o."]
[EventRounds "6"]
[EventCountry "RUS"]
[SourceTitle "CBM 075"]
[Source "ChessBase"]
[SourceDate "2000.04.05"]
[SourceVersion "1"]
[SourceVersionDate "2000.04.05"]
[SourceQuality "1"]

1. Nf3 Nf6 2. c4 g6 3. g3 Bg7 4. Bg2 O-O 5. O-O d6 6. Nc3 e5 7. d3 {Dieser Zug
führt zur Englischen Eröffnung, während Weiß mit 7.d4 die Partie in die
Königsindische Verteidigung überleiten kann.} Re8 {Dieser Zug ist nicht
schlecht, aber das traditionelle 7...Nc6 scheint mir natürlicher.} (7... Nc6 8.
Rb1 a5 9. a3 Re8 (9... h6 $5) 10. Bg5 h6 11. Bxf6 Bxf6 12. b4 (12. Nd2 $5)
12... axb4 13. axb4 Bg7 (13... Nd4 $6 14. Nd2 $14 {Gelfand,B-Anand,V/Linares/
1991/CBM22/INF51,32/}) 14. b5 (14. Nd2 Nd4 (14... Ne7 $5) 15. b5 Ra3 16. Nb3 h5
17. Nd5 c6 18. bxc6 bxc6 19. Nxd4 exd4 20. Nb4 c5 21. Nd5 Bg4 22. Bf3 Bh3 23.
Re1 Qa5 24. Ra1 Rb8 25. Rxa3 Qxa3 26. Qa1 {1-0 Gavrjushin,O-Krapivin,V/Perm
1997/CBM 58 (72)}) 14... Ne7 (14... Nd4 $6 15. Nxd4 (15. e3 Nxf3+ 16. Bxf3 Ra3
17. Rb3 Rxb3 18. Qxb3 Bh3 19. Rd1 Qc8 20. Rd2 Kh7 21. Ra2 Qf5 22. Qd1 Rb8 23.
Ra7 Qc8 24. Nd5 Qd8 25. Nb4 {1-0 Holmqvist,G-Ljungberg,R/SVE-chT 9596 1996/EXT
98 (41)}) 15... exd4 16. Nd5 $14 Ra2 17. Re1 Bg4 (17... Bd7 $5 18. Nb4 Ra7 19.
b6 cxb6 20. Nd5 Ra6 21. Nb4 Ra7 $11) 18. Bf3 h5 19. Nb4 Ra7 20. Bxg4 hxg4 21.
b6 $1 cxb6 22. Nd5 $44 {1-0 Adianto,U-Sharavdorj,D/Yangon zt 1998/CBM 69/
[Ribli] (33)}) 15. Qb3 (15. Qc2 c6 16. Nd2 d5 17. Nb3 f5 18. bxc6 bxc6 19. cxd5
cxd5 20. Rfc1 Be6 21. Nc5 Bf7 22. Rb7 Ra5 23. Nb5 e4 24. Nc7 {1-0 Mirumian,
V-Simacek,P/Czech Extraleague 1999 (35)}) (15. Nd2 $6 e4 $1 16. Qc2 e3 $1 17.
fxe3 Nf5 18. Nd1 h5 $1 {0-1 Vaganian,R-Lautier,J/Manila 1990/CBM 19/ (57)})
15... c6 16. Nd2 Be6 17. Rfc1 d5 18. Qb4 $5 (18. bxc6 bxc6 19. Qd1 Ra7 20. Na4
f5 21. cxd5 cxd5 22. Nc5 Bf7 23. Rb7 (23. Nb7 Qd7 24. Nc5 Qd6 25. Nb7 $10)
23... Rxb7 24. Nxb7 Qd7 25. Nc5 Qd6 {1/2-1/2 Georgiev,K-Akopian,V/Tilburg 1993/
CBM 39/[Ribli] (41)}) 18... dxc4 $6 (18... Nf5 $5 $11) 19. bxc6 bxc6 20. Nxc4
Nd5 21. Nxd5 (21. Qc5 $6 Nxc3 22. Rxc3 e4 $11) 21... cxd5 22. Nb6 Rb8 23. Qc5
$14 {1-0 Hickl,J-Kindermann,S/Altenkirchen 1999/CBM 74/[Ribli] (72)}) 8. Bg5 {
Weiß folgt einer einfachen Strategie - er gibt den schwarzfeldrigen Läufer auf
und bekommt mit dem nachfolgenden Bauernsturm am Damenflügel dauerhafte
Initiative.} (8. Rb1 $5) (8. b4 e4 {[%cal Gg7a1]} 9. dxe4 Nxe4 10. Nxe4 Rxe4
$15 (10... Bxa1 $2 11. Bg5 f6 12. Qxa1 Rxe4 13. Bxf6 Qf8 14. Ng5 $18)) 8... h6
(8... Nbd7 9. Qc1 $14) 9. Bxf6 Bxf6 10. Nd2 {Ein typischer Zug in dieser
Variante - Weiß öffnet die Diagonale des Bg2 und vermeidet so Motive mit e5-e4.
} (10. b4 e4 11. Nxe4 Bxa1 12. Qxa1 Nd7 $15) 10... Bg7 11. Rb1 Nc6 12. Qc1 {
Weiß möchte b2-b4 ziehen, aber zuerst muss er den Nc3 verteidigen.} (12. b4 e4
$36 13. Ncxe4 $2 (13. Ndxe4 f5 $19) 13... f5 $19) 12... a5 13. a3 Bg4 (13... a4
$2 14. Qd1 {[%csl Ra4]} Bg4 15. Re1 Qd7 16. Nxa4 Nd4 17. Nc3 $16) 14. b4 axb4
15. axb4 $14 {Weiß hat freie Hand am Damenflügel. Das schwarze Läuferpaar
spielt keine wichtige Rolle.} Qc8 16. Re1 {Das ist eine für die Englische
Eröffnung typische Idee - Weiß möchte den Bg2 gar nicht tauschen und im Falle
von 16...Bh3 mit 17.Bh1 antworten.} Bh3 17. Bh1 {[%csl Gh1] Der Bg2 ist der
Stolz der weißen Stellung, deshalb muss Weiß ihn auf dem Brett behalten.} f5 $6
{Schwarz sucht Gegenspiel am Königsflügel, aber es wäre besser, zuerst den
Damenflügel zu verteidigen.} (17... Ne7 18. b5 $14) 18. Nd5 {[%csl Gd5]} Kh8 $2
(18... Ne7 19. b5 Nxd5 20. Bxd5+ Kh7) (18... Nd8 19. b5 Ne6) 19. b5 Ne7 20. b6
Nxd5 21. cxd5 Ra2 $2 {[%mdl 8192] Dieser Zug ist schwer zu erklären. Schwarz
verliert nun einen Schlüsselbauern - ohne Kompensation.} (21... Re7 22. Nc4 $14
) 22. bxc7 $16 b5 $2 (22... Re7 23. Rxb7 $18) 23. Rxb5 $18 {Und Schwarz gab in
verlorener Stellung auf.} 1-0